Mobile communications / (Record no. 183635)
[ view plain ]
| 000 -LEADER | |
|---|---|
| fixed length control field | 00946 a2200217 4500 |
| 003 - CONTROL NUMBER IDENTIFIER | |
| control field | NUST |
| 005 - DATE AND TIME OF LATEST TRANSACTION | |
| control field | 20221230145637.0 |
| 010 ## - LIBRARY OF CONGRESS CONTROL NUMBER | |
| LC control number | 2003052070 |
| 020 ## - INTERNATIONAL STANDARD BOOK NUMBER | |
| International Standard Book Number | 0321123816 (pbk.) |
| 040 ## - CATALOGING SOURCE | |
| Transcribing agency | Nust |
| 082 00 - DEWEY DECIMAL CLASSIFICATION NUMBER | |
| Classification number | 621.38456,SCH |
| 100 1# - MAIN ENTRY--PERSONAL NAME | |
| Personal name | Schiller, Jochen H. |
| 9 (RLIN) | 56484 |
| 245 10 - TITLE STATEMENT | |
| Title | Mobile communications / |
| Statement of responsibility, etc. | Jochen H. Schiller. |
| 250 ## - EDITION STATEMENT | |
| Edition statement | 2nd ed. |
| 260 ## - PUBLICATION, DISTRIBUTION, ETC. | |
| Place of publication, distribution, etc. | London ; |
| -- | Boston : |
| Name of publisher, distributor, etc. | Addison-Wesley, |
| Date of publication, distribution, etc. | 2003. |
| 300 ## - PHYSICAL DESCRIPTION | |
| Extent | xviii, 492 p. : |
| Other physical details | ill. ; |
| Dimensions | 24 cm. |
| 505 ## - FORMATTED CONTENTS NOTE | |
| Formatted contents note | Introduction (Page-1), Wireless Transmission (Page-25), Medium Access Control (Page-69), Telecommunications Systems (Page-93), Satellite Systems (Page-165), Broadcast Systems (Page-183), Wireless LAN (Page-201), Mobile Network Layer (Page-303), Mobile Transport Layer (Page-351), Support For Mobility (Page-375), Outlook (Page-449). |
| 650 #0 - SUBJECT ADDED ENTRY--TOPICAL TERM | |
| Topical term or geographic name entry element | Mobile communication systems. |
| 9 (RLIN) | 18556 |
| 650 #0 - SUBJECT ADDED ENTRY--TOPICAL TERM | |
| Topical term or geographic name entry element | Wireless communication systems. |
| 9 (RLIN) | 594 |
| 942 ## - ADDED ENTRY ELEMENTS (KOHA) | |
| Source of classification or shelving scheme | |
| Koha item type | Book |
| Call number prefix | 621.38456,SCH |
| Withdrawn status | Lost status | Source of classification or shelving scheme | Damaged status | Not for loan | Permanent Location | Current Location | Shelving location | Date acquired | Total Checkouts | Full call number | Barcode | Date last seen | Date last checked out | Price effective from | Koha item type | Public note |
|---|---|---|---|---|---|---|---|---|---|---|---|---|---|---|---|---|
| Military College of Signals (MCS) | Military College of Signals (MCS) | General Stacks | 12/12/2016 | 1 | 621.38456,SCH | MCS31705 | 10/20/2025 | 10/17/2025 | 12/12/2016 | Book | Almirah No.39, Shelf No.2 | |||||
| Military College of Signals (MCS) | Military College of Signals (MCS) | General Stacks | 12/12/2016 | 1 | 621.38456,SCH | MCS32394 | 11/07/2022 | 10/25/2022 | 12/12/2016 | Book | Almirah No.39, Shelf No.2 |
